2008/2009 Supplementary Estimates (Development Expenditure) (Record no. 906)
[ view plain ]
| 000 -LEADER | |
|---|---|
| fixed length control field | 00550nam a22001217a 4500 |
| 008 - FIXED-LENGTH DATA ELEMENTS--GENERAL INFORMATION | |
| fixed length control field | 230609b xxu||||| |||| 00| 0 eng d |
| 082 ## - DEWEY DECIMAL CLASSIFICATION NUMBER | |
| Classification number | 354.676 |
| Item number | Gok |
| 110 ## - MAIN ENTRY--CORPORATE NAME | |
| Subordinate unit | GOK |
| 245 ## - TITLE STATEMENT | |
| Title | 2008/2009 Supplementary Estimates (Development Expenditure) |
| Remainder of title | Estimates of further sums Required to be voted for the service of the year ending 30th June, 2009 |
| Statement of responsibility, etc. | Volume I(D01-D22) |
| Medium | These estimates supersede the Estimates by the same Title tabled before the National Assembly on the 22 nd April 2009 |
| 260 ## - PUBLICATION, DISTRIBUTION, ETC. (IMPRINT) | |
| Place of publication, distribution, etc. | Kenya |
| Name of publisher, distributor, etc. | Gok |
| Date of publication, distribution, etc. | April 2009 |
| 300 ## - PHYSICAL DESCRIPTION | |
| Extent | 604p |
| 942 ## - ADDED ENTRY ELEMENTS (KOHA) | |
| Source of classification or shelving scheme | Dewey Decimal Classification |
| Koha item type | Books |
| Withdrawn status | Lost status | Source of classification or shelving scheme | Damaged status | Not for loan | Home library | Current library | Date acquired | Total Checkouts | Full call number | Barcode | Date last seen | Copy number | Price effective from | Koha item type |
|---|---|---|---|---|---|---|---|---|---|---|---|---|---|---|
| Dewey Decimal Classification | Bunge Tower Library | Bunge Tower Library | 06/09/2023 | 354.676 Gok | 10015260 | 06/09/2023 | Vol 1 | 06/09/2023 | Books | |||||
| Dewey Decimal Classification | Bunge Tower Library | Bunge Tower Library | 06/09/2023 | 354.676 Gok | 10015259 | 06/09/2023 | Vol 2 | 06/09/2023 | Books |
